Państwa z literą "Ł" - Statystyki

Ogólne statystyki
  • Ten quiz został rozwiązany 158 razy
    103 od ostatniego zresetowania
  • Średni wynik to 10 z 13
Statystyki odpowiedzi
Kontynent Państwo % Poprawnych
Europa Łotwa
89%
Europa Mołdawia
84%
Europa Białoruś
82%
Europa Słowacja
82%
Europa Słowenia
81%
Europa Bułgaria
73%
Europa Włochy
73%
Azja Korea Północna
72%
Azja Korea Południowa
72%
Europa Macedonia Północna
70%
Afryka Sudan Południowy
62%
Afryka Republika Południowej Afryki
62%
Afryka Wybrzeże Kości Słoniowej
52%
Nie znaleziono quizów pasujących do podanych kryteriów
Rozkład punktacji
Procent ludzi z każdym wynikiem
Percentyl według liczby udzielonych odpowiedzi
Twoja historia wyników
Nie rozwiązałeś tego quizu od ostatniego zresetowania